In the shadow of the Mahatma: Bishop V.S. Azariah and the travails of christianity in British India (Record no. 394252)

000 -LEADER
fixed length control field 00672cam a22001697a 4500
008 - FIXED-LENGTH DATA ELEMENTS--GENERAL INFORMATION
fixed length control field 180718b2000 xxu||||| |||| 00| 0 eng d
020 ## - INTERNATIONAL STANDARD BOOK NUMBER
International Standard Book Number 080283874X
082 ## - DEWEY DECIMAL CLASSIFICATION NUMBER
Classification number A99/Az14 H231
100 ## - MAIN ENTRY--PERSONAL NAME
Personal name Harper, Susan Billington
245 ## - TITLE STATEMENT
Title In the shadow of the Mahatma: Bishop V.S. Azariah and the travails of christianity in British India
Statement of responsibility, etc. by Susan Billington Harper
260 ## - PUBLICATION, DISTRIBUTION, ETC.
Place of publication, distribution, etc. Richmond, Surrey
Name of publisher, distributor, etc. Curzon Press
Date of publication, distribution, etc. 2000
300 ## - PHYSICAL DESCRIPTION
Extent 462p.
440 ## - SERIES STATEMENT/ADDED ENTRY--TITLE
Title Studies in the history of christian missions
650 ## - SUBJECT ADDED ENTRY--TOPICAL TERM
Topical term or geographic name entry element India, South - Church history - 20th century
650 ## - SUBJECT ADDED ENTRY--TOPICAL TERM
Topical term or geographic name entry element Church of South India - Bishops - Biography
650 ## - SUBJECT ADDED ENTRY--TOPICAL TERM
Topical term or geographic name entry element Azariah, Vedanayagam Samuel, Bishop - Biography
Holdings
Withdrawn status Lost status Damaged status Not for loan Permanent Location Current Location Date acquired Full call number Barcode Date last seen Price effective from Koha item type
        Indian Institute of Public Administration Indian Institute of Public Administration 2000-10-11 A99/Az14 H231 75937 2018-07-21 2018-07-21 Book

Powered by Koha